Countries Bordering NATO - Sudden Death - Statistics

General Stats
  • This quiz has been taken 235 times
  • The average score is 8 of 21
Answers on the Grid
Answers color-coded by a green-red scale on the quiz's grid according to % correct below.
Algeria
Andorra
Austria
Azerbaijan
Belarus
Belgium
Bosnia and Herzegovina
Brazil
Bulgaria
Czech Republic
Egypt
Estonia
Georgia
Guyana
Iran
Ireland
Kosovo
Lebanon
Liechtenstein
Mexico
Moldova
Monaco
Montenegro
Morocco
Norway
Oman
Portugal
Russia
San Marino
Saudi Arabia
Serbia
Slovakia
Switzerland
Syria
Ukraine
Vatican City
 
Answer Stats
Answer % Correct
Andorra
71%
Austria
64%
Belarus
59%
Brazil
41%
Bosnia and Herzegovina
40%
Ireland
38%
Russia
38%
Ukraine
38%
Vatican City
38%
Switzerland
37%
San Marino
35%
Azerbaijan
34%
Kosovo
32%
Mexico
31%
Serbia
29%
Monaco
28%
Syria
28%
Iran
27%
Georgia
25%
Moldova
25%
Morocco
24%
No matching quizzes found
Score Distribution
Percent of People with Each Score
Percentile by Number Answered
Your Score History
You have not taken this quiz